Magazines for libraries : (Record no. 541897)
[ view plain ]
| 000 -LEADER | |
|---|---|
| fixed length control field | 00639cam a2200193 i 4500 |
| 020 ## - INTERNATIONAL STANDARD BOOK NUMBER | |
| International Standard Book Number | 0835209210 : |
| 082 ## - DEWEY DECIMAL CLASSIFICATION NUMBER | |
| Classification number | 016.05 |
| Author Mark | KAT |
| 100 1# - MAIN ENTRY--PERSONAL NAME | |
| Personal name | Katz, William A., |
| 9 (RLIN) | 36980 |
| 245 10 - TITLE STATEMENT | |
| Title | Magazines for libraries : |
| Remainder of title | for the general reader, and school, junior college, college, university, and public libraries / |
| Statement of responsibility, etc. | Bill Katz and Berry G. Richards. |
| 250 ## - EDITION STATEMENT | |
| Edition statement | 3d ed. |
| 260 ## - PUBLICATION, DISTRIBUTION, ETC. | |
| Place of publication, distribution, etc. | New York : |
| Name of publisher, distributor, etc. | Bowker, |
| Date of publication, distribution, etc. | 1978. |
| 300 ## - PHYSICAL DESCRIPTION | |
| Extent | xix, 937 p. ; |
| Dimensions | 29 cm. |
| 500 ## - GENERAL NOTE | |
| General note | Includes index. |
| 526 ## - STUDY PROGRAM INFORMATION NOTE | |
| Program name | 0 |
| Interest level | 0 |
| Reading level | 0 |
| Title point value | 016_050000000000000_KAT |
| 650 #0 - SUBJECT ADDED ENTRY--TOPICAL TERM | |
| Topical term or geographic name entry element | MCE |
| 9 (RLIN) | 379 |
| 650 #0 - SUBJECT ADDED ENTRY--TOPICAL TERM | |
| Topical term or geographic name entry element | Periodicals |
| 9 (RLIN) | 36981 |
| 700 1# - ADDED ENTRY--PERSONAL NAME | |
| Personal name | Richards, Berry G. |
| 9 (RLIN) | 36982 |
| 942 ## - ADDED ENTRY ELEMENTS (KOHA) | |
| Source of classification or shelving scheme | |
| Koha item type | Book |
| Withdrawn status | Lost status | Source of classification or shelving scheme | Damaged status | Not for loan | Permanent Location | Current Location | Date acquired | Total Checkouts | Full call number | Barcode | Date last seen | Price effective from | Koha item type |
|---|---|---|---|---|---|---|---|---|---|---|---|---|---|
| Military College of Engineering (MCE) | Military College of Engineering (MCE) | 09/06/2013 | 016.05 KAT | MCE-41096 | 09/06/2013 | 09/06/2013 | Book |
